Historia de la antigüedad

Gespeichert in:
Bibliographische Detailangaben
1. Verfasser: Petit, Paul (VerfasserIn)
Format: Buch
Sprache:Spanisch
Veröffentlicht: Barcelona Labor Universitaria 1981
Ausgabe:8a. ed
Schlagworte:
Tags: Tag hinzufügen
Keine Tags, Fügen Sie den ersten Tag hinzu!

MARC

LEADER 00000nam a2200000 a 4500
001 UCP8729
003 CL-VaPUC
008 000310e19810000SP |||||||||||||||||spa|d
082 0 4 |a 930  |b PET  |2 21 
100 0 |a Petit, Paul  |e author  |9 438898 
245 1 0 |a Historia de la antigüedad 
250 |a 8a. ed 
300 |a 406 p 
942 |c BK 
945 |d 20000310 00:00:00  |a rherrera 
260 |a Barcelona  |b Labor Universitaria  |c 1981 
650 0 |a Historia antigua  |9 267521 
650 7 |a ORIENTE  |2 CL-VaPUC  |9 438673 
650 7 |a MESOPOTAMIA  |2 CL-VaPUC  |9 437558 
650 7 |a EGEOS  |2 CL-VaPUC  |9 438899 
650 7 |a INDOEUROPEOS  |2 CL-VaPUC  |9 438665 
650 7 |a IMPERIO EGIPCIO  |2 CL-VaPUC  |9 438900 
650 0 |a Imperio Persa  |9 438880 
650 0 |a Civilización griega  |9 265578 
650 0 |a Helenismo  |9 267485 
650 0 |a Imperio Romano  |9 322785 
650 0 |a Bárbaros  |9 401294 
583 |a last modification  |c 20000310 00:00:00  |k Rodrigo Vera 
999 |c 285619  |d 285617 
952 |0 0  |1 0  |4 0  |6 930_000000000000000_PET_1981  |7 0  |8 A  |9 330351  |a BIBHIS  |b BIBHIS  |d 2019-11-20  |i 1394614  |o 930 PET 1981  |p 1394614  |r 2025-01-20  |w 2019-11-20  |y BK  |k HIS